| 000 | 00402nam a2200109Ia 4500 | ||
|---|---|---|---|
| 008 | 171204s9999 xx 000 0 und d | ||
| 245 | _aEssentials Of Wppsi-iv Assessment: Essentials of Psychological Assessment | ||
| 245 | _cDiane L. Coalson and Susan Engi Raiford | ||
| 260 | _c2014 | ||
| 650 | _xField Study 5: Learning Assessment Strategies | ||
| 856 | _uhttp://down.ebook777.com/022/9781118380628.pdf | ||
| 999 |
_c345832 _d345832 |
||